| Tag |
First Indicator |
Second Indicator |
Subfields |
| LEADER |
00000cam a2200000Ia 4500 |
| 001 |
in00002568621 |
| 005 |
20151201154054.0 |
| 007 |
he amv---bacp |
| 007 |
hd bfv---baap |
| 008 |
961210s1813 enka jb 000 0 eng d |
| 035 |
|
|
|a (OCoLC)ocm36063306
|
| 037 |
|
|
|a CL0021000017
|b ProQuest Information and Learning, 300 N. Zeeb Rd., Ann Arbor, MI 48106-1346
|
| 040 |
|
|
|a OPP
|c OPP
|d UtOrBLW
|
| 049 |
|
|
|a OPPA
|
| 090 |
|
|
|a PZ5
|b .O67 1990 no.017:006.
|
| 100 |
1 |
|
|a Hayter, Charles,
|d 1761-1835.
|
| 245 |
1 |
3 |
|a An introduction to perspective :
|b adapted to the capacities of youth, in a series of pleasing and familiar dialogues, between the author's children : accompanied with illustrative plates, appropriate diagrams, and a sufficiency of practical geometry : to which is added, a compendium of genuine instruction in the art of drawing and painting : the whole comprising a body of information, adapted equally to the simplicity of youth, and to mental maturity /
|c by Mr. Hayter.
|
| 264 |
|
3 |
|a London :
|b Printed for the author, and sold by Black, Parry, and Co., J. Taylor, E. Orme, and C.J. Barrington,
|c 1813
|
| 264 |
|
3 |
|a [London] :
|b J. Innes, printer
|
| 300 |
|
|
|a viii, 168 pages :
|b illustrations
|
| 336 |
|
|
|a text
|b txt
|2 rdacontent
|
| 337 |
|
|
|a microform
|b h
|2 rdamedia
|
| 338 |
|
|
|a microfiche
|b he
|2 rdacarrier
|
| 500 |
|
|
|a Reproduction of original in the Bodleian Library.
|
| 510 |
4 |
|
|a Opie
|c K 6
|
| 533 |
|
|
|a Microfiche.
|b Ann Arbor, Mich.
|c UMI,
|d 1995.
|e 3 microfiche.
|f (Opie collection of children's literature ; 017:006).
|7 s1995 miun b
|
| 500 |
|
|
|a Microform.
|
| 650 |
|
0 |
|a Perspective.
|
| 650 |
|
0 |
|a Drawing
|x Study and teaching.
|
| 650 |
|
0 |
|a Painting
|x Study and teaching.
|
| 830 |
|
0 |
|a Opie collection of children's literature ;
|v 017:006.
|
| 999 |
|
|
|a MARS
|
| 999 |
f |
f |
|s be7896cc-24e1-3c8c-baed-13c85ffdb5b4
|i 654728a1-1745-3b08-a040-4d1159bb0537
|t 0
|
| 952 |
f |
f |
|a Texas A&M University
|b College Station
|c Sterling C. Evans Library
|d Evans: Microforms Fiche (3rd floor)
|t 0
|e PZ5 .O67 1990 no.017:006.
|h Library of Congress classification
|
| 998 |
f |
f |
|a PZ5 .O67 1990 no.017:006.
|t 0
|l Evans: Microforms Fiche (3rd floor)
|